Подробности
| 000 -МАРКЕР |
| контрольное поле |
02113nam0a2200373 4500 |
| 001 - ИДЕНТИФИКАТОР ЗАПИСИ |
| контрольное поле |
RU\NLR\bibl\75162 |
| 005 - ИДЕНТИФИКАТОР ВЕРСИИ |
| контрольное поле |
20260408192435.0 |
| 010 ## - МЕЖДУНАРОДНЫЙ СТАНДАРТНЫЙ НОМЕР КНИГИ (ISBN) |
| Номер (ISBN) |
5-88759-019-Х |
| Тираж |
5000 |
| 021 ## - НОМЕР ГОСУДАРСТВЕННОЙ РЕГИСТРАЦИИ |
| Код страны |
Российская Федерация |
| Номер |
1998-41807 |
| Номер Листа государственной регистраци |
2010 |
| 035 ## - ДРУГИЕ СИСТЕМНЫЕ НОМЕРА |
| Идентификатор записи |
(NLR Aleph) 000073353 |
| 100 ## - ДАННЫЕ ОБЩЕЙ ОБРАБОТКИ |
| Данные общей обработки |
20000315d1998 |||y0rusy50 ca |
| 101 0# - ЯЗЫК РЕСУРСА |
| Язык текста, звукозаписи и т.д. |
русский |
| 102 ## - СТРАНА ПУБЛИКАЦИИ ИЛИ ПРОИЗВОДСТВА |
| Страна публикации |
Российская Федерация |
| 105 ## - ПОЛЕ КОДИРОВАННЫХ ДАННЫХ: ТЕКСТОВЫЕ МАТЕРИАЛЫ, МОНОГРАФИЧЕСКИЕ |
| Кодированные данные о монографическом текстовом документе |
y ||||||||| |
| 200 1# - ЗАГЛАВИЕ И СВЕДЕНИЯ ОБ ОТВЕТСТВЕННОСТИ |
| Основное заглавие |
Посреднические операции |
| Сведения, относящиеся к заглавию |
Правовое регулирование. Бух. учет |
| Первые сведения об ответственности |
О.В. Хадыева |
| 210 ## - ПУБЛИКАЦИЯ, РАСПРОСТРАНЕНИЕ И ДР. |
| Место издания, распространения и т.д. |
М. |
| Имя издателя, распространителя и т. д. |
Главбух |
| Дата издания, распространения и т.д. |
1998 |
| 215 ## - ФИЗИЧЕСКАЯ ХАРАКТЕРИСТИКА |
| Специфическое обозначение материала и объем |
141, [2]с. |
| Размеры |
21 |
| 225 1# - СЕРИЯ |
| Основное заглавие серии |
Библиотека журнала "Главбух" |
| 606 0# - НАИМЕНОВАНИЕ ТЕМЫ КАК ПРЕДМЕТ |
| Наименование темы |
Посреднические услуги |
| Тематический подзаголовок |
Договоры |
| Географический подзаголовок |
Российская Федерация |
| Системный номер авторитетной/нормативной записи |
1933925 |
| Идентификатор авторитетной/нормативной записи |
RU\NLR\auth\66883193 |
| 606 0# - НАИМЕНОВАНИЕ ТЕМЫ КАК ПРЕДМЕТ |
| Наименование темы |
Посреднические услуги |
| Формальный подзаголовок |
Нормативные и руководящие материалы |
| Тематический подзаголовок |
Договоры |
| -- |
Бухгалтерский учет |
| Географический подзаголовок |
Российская Федерация |
| Системный номер авторитетной/нормативной записи |
2160560 |
| Идентификатор авторитетной/нормативной записи |
RU\NLR\auth\661300291 |
| 606 0# - НАИМЕНОВАНИЕ ТЕМЫ КАК ПРЕДМЕТ |
| Наименование темы |
Посреднические услуги |
| Формальный подзаголовок |
Нормативные документы |
| Тематический подзаголовок |
Договоры |
| -- |
Бухгалтерский учет |
| Географический подзаголовок |
Российская Федерация |
| Системный номер авторитетной/нормативной записи |
2160560 |
| Идентификатор авторитетной/нормативной записи |
RU\NLR\auth\661300291 |
| 606 ## - НАИМЕНОВАНИЕ ТЕМЫ КАК ПРЕДМЕТ |
| Наименование темы |
Посреднические услуги |
| Тематический подзаголовок |
Договоры |
| -- |
Налоговое обложение |
| Географический подзаголовок |
Российская Федерация |
| Формальный подзаголовок |
Нормативные и руководящие материалы |
| Идентификатор авторитетной/нормативной записи |
RU\NLR\auth\661300292 |
| Системный номер авторитетной/нормативной записи |
2160561 |
| 606 ## - НАИМЕНОВАНИЕ ТЕМЫ КАК ПРЕДМЕТ |
| Наименование темы |
Посреднические услуги |
| Тематический подзаголовок |
Договоры |
| -- |
Налоговое обложение |
| Географический подзаголовок |
Российская Федерация |
| Формальный подзаголовок |
Нормативные документы |
| Идентификатор авторитетной/нормативной записи |
RU\NLR\auth\661300292 |
| Системный номер авторитетной/нормативной записи |
2160561 |
| 686 ## - ИНДЕКСЫ ДРУГИХ КЛАССИФИКАЦИЙ |
| Индекс |
Х621.13-39(2Р)21 |
| 686 ## - ИНДЕКСЫ ДРУГИХ КЛАССИФИКАЦИЙ |
| Индекс |
У052.9(2)2я8 |
| 686 ## - ИНДЕКСЫ ДРУГИХ КЛАССИФИКАЦИЙ |
| Индекс |
У26(2)141.3я8 |
| 700 #1 - ИМЯ ЛИЦА - ПЕРВИЧНАЯ ОТВЕТСТВЕННОСТЬ |
| Начальный элемент ввода |
Хадыева |
| Часть имени, кроме начального элемента ввода |
О. В. |
| Код отношения |
Автор |
| 801 #0 - ИСТОЧНИК ЗАПИСИ |
| Страна |
Российская Федерация |
| Организация |
NLR |
| Дата составления |
20000315 |
| Правила каталогизации |
PSBO |
| 801 #1 - ИСТОЧНИК ЗАПИСИ |
| Страна |
Российская Федерация |
| Организация |
NLR |
| Дата составления |
20000315 |
| 852 ## - МЕСТОНАХОЖДЕНИЕ И ШИФР ХРАНЕНИЯ |
| Идентификатор организации |
NLR |
| Шифр хранения (Call Number) |
99-3/20509 |
| 942 ## - ДОПОЛНИТЕЛЬНЫЕ ЭЛЕМЕНТЫ ЗАПИСИ (АБИС) |
| Тип экземпляра АБИС |
Книга |
| 980 ## - КОЛЛЕКЦИЯ |
| Название коллекции |
Национальная библиография |